Architecture in wood / (Record no. 353760)

000 -LEADER
fixed length control field 00789nam a2200265 a 4500
001 - CONTROL NUMBER
control field ASIN050034213X
003 - CONTROL NUMBER IDENTIFIER
control field OSt
005 - DATE AND TIME OF LATEST TRANSACTION
control field 20180116192417.0
008 - FIXED-LENGTH DATA ELEMENTS--GENERAL INFORMATION
fixed length control field 130726s2005 xxu eng d
020 ## - INTERNATIONAL STANDARD BOOK NUMBER
International Standard Book Number 050034213X (hardcover)
020 ## - INTERNATIONAL STANDARD BOOK NUMBER
International Standard Book Number 9780500342138 (hardcover)
040 ## - CATALOGING SOURCE
Transcribing agency 00
082 ## - DEWEY DECIMAL CLASSIFICATION NUMBER
Classification number 721.0448
100 1# - MAIN ENTRY--PERSONAL NAME
Personal name Pryce, Will.
9 (RLIN) 6802
245 10 - TITLE STATEMENT
Title Architecture in wood /
Statement of responsibility, etc. Will Pryce.
250 ## - EDITION STATEMENT
Edition statement First ed.
260 ## - PUBLICATION, DISTRIBUTION, ETC.
Place of publication, distribution, etc. London :
Name of publisher, distributor, etc. Thames & Hudson,
Date of publication, distribution, etc. 2005.
300 ## - PHYSICAL DESCRIPTION
Extent 320 p. ;
Dimensions 32 cm.
500 ## - GENERAL NOTE
General note Import.
520 ## - SUMMARY, ETC.
Summary, etc. Architecture in Wood.
650 ## - SUBJECT ADDED ENTRY--TOPICAL TERM
Topical term or geographic name entry element Building, Wooden
9 (RLIN) 6803
856 40 - ELECTRONIC LOCATION AND ACCESS
Materials specified Amazon.com
Uniform Resource Identifier <a href="http://www.amazon.com/exec/obidos/ASIN/050034213X/chopaconline-20">http://www.amazon.com/exec/obidos/ASIN/050034213X/chopaconline-20</a>
942 ## - ADDED ENTRY ELEMENTS (KOHA)
Source of classification or shelving scheme
Koha item type Book
Holdings
Withdrawn status Lost status Source of classification or shelving scheme Damaged status Not for loan Permanent Location Current Location Date acquired Total Checkouts Full call number Barcode Date last seen Date last checked out Cost, replacement price Price effective from Koha item type
          School of Art Design and Architecture (SADA) School of Art Design and Architecture (SADA) 06/20/2013 3 721.0448 PRY 2005 SADA0002030 04/30/2015 04/24/2015 5823.09 07/30/2013 Book
© 2023 Central Library, National University of Sciences and Technology. All Rights Reserved.